Didaktické hry v kluboch detí

Bibliographic Details
Main Author: Kovárová, Katarína (Author)
Format: Article
Language:Slovak
PhysicalDescription:Obr. 1
Subjects:

MARC

LEADER 00000nab a2200000 a 4500
001 vtls000526878
003 SK-MaSNL
005 20260304171041.0
008 250425c1994 xo 0 slo
015 |a SNBRB19rr/mm-uuuuu 
035 |a CL0527016 
035 |a urn:nbn:sk:snk-abd2l1 
035 |a (urnnbn)urn:nbn:sk:snk:ar-007f13 
035 |a (uuid)324d2716-1ac6-4863-8a36-5b159fa7db6e 
040 |a SNKBUCL  |b slo  |c SNKBUCL  |e AACR2 
041 0 |a slo 
044 |a xo  |c SK 
080 |a 371.382:373.3  |2 1981 
080 |a 373.3  |2 1981 
100 1 |a Kovárová, Katarína  |4 aut  |9 11290 
245 1 0 |a Didaktické hry v kluboch detí  |c Katarína Kovárová 
300 |b Obr. 1 
650 0 7 |a didaktické hry  |2 snkbucl  |9 63297 
650 0 7 |a kluby detí  |2 snkbucl  |9 974982 
655 7 |a články z novín a časopisov  |2 snkbucl  |9 267496 
773 0 |t Vychovávateľ  |g Roč. 39, č. 1-2 (1994), s. 33-34 
850 |a Slovenská národná knižnica 
852 |a Slovenská národná knižnica 
954 |a odborná, vedecká literatúra pôvodná (slovenská)  |2 lita 
958 |a article17 
958 |a RK 
958 |a OND 
958 |a EUIPO 
992 |a RBX 
999 |c 2991237  |d 2993167